Praktický marketing Příručka pro začínající podnikatele a studenty obchodu v anglickém a českém jazyce

Saved in:
Bibliographic Details
Main Author: James, Hilary A.
Other Authors: Kadečka, Slavoš (Translator), Jiránek, Vladimír, 1938-2012 (Illustrator)
Format: Book
Language:Czech
Published: Praha Tippa 1991
Edition:1. vyd.
Series:Knihovna Průmyslového žurnálu
Online Access:View in OPAC
Tags: Add Tag
No Tags, Be the first to tag this record!

MARC

LEADER 00000nam a2200000 a 4500
005 20260127134225.0
008 130620s1991 CS 0 cze c
020 |a 8090037070 
035 |a vtls001129732 
035 |a SNK000072582 
039 9 |a 201306201736  |b VLOAD  |c 200811281104  |d mschk03  |y 200412250616  |z VLOAD 
040 |a SNK  |b slo  |c SNK  |d STUSCHK1  |e AACR2 
041 0 |a cze 
044 |a [CS] 
080 |a 658.8:001.4=850=20  |2 1. stred. slo 
080 |a 001.4=850=20  |2 1. stred. slo 
100 1 |a James, Hilary A. 
245 1 |a Praktický marketing  |b Příručka pro začínající podnikatele a studenty obchodu v anglickém a českém jazyce  |c Hilary A. James ; přel. Slavoš Kadečka ; Ilustr. Vladimír Jiránek 
250 |a 1. vyd. 
260 |a Praha  |b Tippa  |c 1991 
300 |a 119, [2] s.  |c 23 cm 
490 0 |a Knihovna Průmyslového žurnálu 
700 1 |a Kadečka, Slavoš  |4 trl 
700 1 |a Jiránek, Vladimír,  |d 1938-2012  |4 ill  |9 389 
910 |a SCHK95 
919 |a 80-900370-7-0 
954 |a marketing  |a terminológia česko-anglická  |x príručky 
968 |d Z angl. orig. 
999 |c 7122  |d 7122